Les 20 villes les plus peuplées des Pays de la Loire de 1806 à 2023 - Statistiques

Statistiques générales
  • Ce quiz a été pris 59 fois
  • Le résultat moyen est 103 sur 160
Statistiques - réponses
Hint Réponse % Correct
1806 Angers 29 187
100%
1846 Angers 44 781
100%
1876 Angers 56 846
100%
1911 Angers 83 786
100%
1936 Angers 88 004
100%
1968 Angers 128 557
100%
1999 Angers 151 279
100%
2023 Angers 159 022
100%
1806 Nantes 77 226
100%
1846 Nantes 94 194
100%
1876 Nantes 135 504
100%
1911 Nantes 170 535
100%
1936 Nantes 195 203
100%
1968 Nantes 260 244
100%
1999 Nantes 270 251
100%
2023 Nantes 327 734
100%
1806 Le Mans 19 030
98%
1846 Le Mans 26 755
98%
1876 Le Mans 50 175
98%
1911 Le Mans 69 361
98%
1936 Le Mans 84 525
98%
1968 Le Mans 143 246
98%
1999 Le Mans 146 105
98%
2023 Le Mans 146 249
98%
1846 La Roche-sur-Yon 6 909
93%
1876 La Roche-sur-Yon 13 201
93%
1911 La Roche-sur-Yon 19 175
93%
1936 La Roche-sur-Yon 20 319
93%
1968 La Roche-sur-Yon 36 067
93%
1999 La Roche-sur-Yon 49 262
93%
2023 La Roche-sur-Yon 54 849
93%
1806 Laval 15 167
93%
1846 Laval 17 834
93%
1876 Laval 27 107
93%
1911 Laval 30 252
93%
1936 Laval 28 380
93%
1968 Laval 45 674
93%
1999 Laval 50 947
93%
2023 Laval 49 400
93%
1876 Saint-Nazaire 17 669
93%
1911 Saint-Nazaire 38 267
93%
1936 Saint-Nazaire 43 281
93%
1968 Saint-Nazaire 63 289
93%
1999 Saint-Nazaire 65 874
93%
2023 Saint-Nazaire 74 568
93%
1806 Cholet 4 700
85%
1846 Cholet 4 952
85%
1876 Cholet 15 059
85%
1911 Cholet 21 782
85%
1936 Cholet 24 100
85%
1968 Cholet 42 620
85%
1999 Cholet 54 204
85%
2023 Cholet 54 404
85%
1806 Les Sables-d'Olonne 5 723
76%
1846 Les Sables-d'Olonne 6 280
76%
1911 Les Sables-d'Olonne 19 345
76%
1936 Les Sables-d'Olonne 19 544
76%
1968 Les Sables-d'Olonne 28 218
76%
1999 Les Sables-d'Olonne 38 500
76%
2023 Les Sables-d'Olonne 49 603
76%
1968 Saint-Herblain 17 568
76%
1999 Saint-Herblain 43 726
76%
2023 Saint-Herblain 50 973
76%
1876 Rezé 6 849
74%
1911 Rezé 9 424
74%
1936 Rezé 13 499
74%
1968 Rezé 33 509
74%
1999 Rezé 35 478
74%
2023 Rezé 43 556
74%
1846 Sablé-sur-Sarthe 4 912
74%
1876 Sablé-sur-Sarthe 6 289
74%
1936 Sablé-sur-Sarthe 6 168
74%
1806 Saumur 9 884
74%
1846 Saumur 12 566
74%
1876 Saumur 19 021
74%
1911 Saumur 22 840
74%
1936 Saumur 24 442
74%
1968 Saumur 31 629
74%
1999 Saumur 29 857
74%
2023 Saumur 26 241
74%
1806 Mayenne 9 095
69%
1846 Mayenne 9 720
69%
1876 Mayenne 10 098
69%
1911 Mayenne 9 961
69%
1936 Mayenne 8 755
69%
1911 Châteaubriant 7 479
59%
1936 Châteaubriant 8 271
59%
1968 Châteaubriant 11 986
59%
1968 Orvault 13 510
57%
1999 Orvault 23 554
57%
2023 Orvault 28 534
57%
1806 La Flèche 5 098
56%
1846 La Flèche 6 831
56%
1876 La Flèche 11 060
56%
1911 La Flèche 12 251
56%
1936 La Flèche 11 435
56%
1968 La Flèche 13 768
56%
1999 Carquefou 15 377
54%
1806 Fontenay-le-Comte 6 615
54%
1846 Fontenay-le-Comte 7 997
54%
1876 Fontenay-le-Comte 9 650
54%
1911 Fontenay-le-Comte 11 704
54%
1936 Fontenay-le-Comte 9 836
54%
1968 Fontenay-le-Comte 12 939
54%
1968 La Baule-Escoublac 13 336
54%
1999 La Baule-Escoublac 15 831
54%
1806 Château-Gontier 4 834
52%
1846 Château-Gontier 6 749
52%
1876 Château-Gontier 7 218
52%
1911 Château-Gontier 6 815
52%
1936 Château-Gontier 6 307
52%
1876 Les Herbiers 6 224
52%
1911 Les Herbiers 6 670
52%
1936 Les Herbiers 6 489
52%
1968 Saint-Sébastien-sur-Loire 14 159
50%
1999 Saint-Sébastien-sur-Loire 25 223
50%
2023 Saint-Sébastien-sur-Loire 28 596
50%
1806 Guérande 7 252
48%
1846 Guérande 8 577
48%
1876 Guérande 6 804
48%
1911 Guérande 6 609
48%
1876 Les Sables-d'Olonne 13 141
48%
1999 Challans 16 132
46%
2023 Challans 22 943
46%
2023 Beaupréau-en-Mauges 23 989
39%
1936 Vertou 6 877
37%
1968 Vertou 12 089
37%
1999 Vertou 20 268
37%
2023 Vertou 26 227
37%
1936 Couëron 8 812
35%
1968 Couëron 12 276
35%
1999 Couëron 17 808
35%
2023 Couëron 24 103
35%
2023 Montaigu-Vendée 21 134
33%
2023 Chemillé-en-Anjou 21 999
31%
1806 Mamers 5 660
31%
1846 Mamers 5 984
31%
2023 Sèvremoine 25 797
30%
1968 Trélazé 11 664
30%
1999 La Chapelle-sur-Erdre 16 391
28%
1876 Luçon 6 247
28%
1911 Luçon 6 759
28%
1936 Luçon 7 035
28%
1806 Noirmoutier-en-l'Île 5 703
26%
1846 Noirmoutier-en-l'Île 8 082
26%
1999 Bouguenais 15 627
24%
1876 Évron 6 581
22%
1876 Blain 6 807
20%
1911 Blain 6 625
20%
1806 Ernée 4 642
17%
1846 Ernée 5 483
17%
1911 Guémené-Penfao 6 497
9%
1806 Saint-Calais 3 600
9%
1806 Beaufort-en-Vallée 5 958
7%
1846 Beaufort-en-Vallée 5 423
7%
1846 Chalonnes-sur-Loire 4 952
7%
1806 Les Rosiers-sur-Loire 3 616
7%
1806 Bonnétable 4 646
6%
1846 Bonnétable 5 265
6%
1806 Chalonnes-sur-Loire 4 972
0%
Aucun quiz correspondant
Distribution des résultats
% des personnes avec chaque résultat
Percentile par nombre de réponses
Votre historique - résultats
Vous n’avez pas pris ce quiz